00400nam a22001337a 4500003000400000008004100004020001800045082001600063100001600079245004200095260004300137300001100180650007500191OSt260615b |||||||| |||| 00| 0 eng d a9788177545340 a581.2bD81M aDube, H.C.  aModern Plant Pathology/bby H.C. Dube aJodhpur : bAgrobios (India), c2025. a576 p. a Pure SCiences | Botanical Sciences | Plant Pathology | Plant Diseases